000
00304nam a2200121Ia 4500
008
190216s9999||||xx |||||||||||||| ||und||
100
_a
Terrell L. Hill
245
3
_a
An Introduction To Stastical Thermodynamics
260
_b
Dover Publications
_c
2008
300
_a
508
650
_a
Physics
942
_c
BK
999
_c
34404
_d
34404